| 000 | 00916nam a2200241 a 4500 | ||
|---|---|---|---|
| 999 |
_c5701 _d5701 |
||
| 001 | 5701 | ||
| 003 | BD-JhCC | ||
| 005 | 20171227162916.0 | ||
| 008 | 171220s19982011bg a|||| || | 000 0 eng d | ||
| 035 | _a(BD-JhCC)5701 | ||
| 040 |
_aBD-JhCC _dBD-JhCC |
||
| 041 | _aeng | ||
| 082 |
_a540 _bKAB 2011 |
||
| 100 | _aকবীর, গাজী মোঃ আহসানুল | ||
| 245 |
_aউচ্চ মাধ্যমিক রসায়ন প্রথম পত্র / _cগাজী মোঃ আহসানুল কবীর, মোঃ মমিনুল হক এবং মোঃ রবিউল ইসলাম |
||
| 260 |
_aঢাকা : _bআশরাফিয়া বইঘর, _c2011. |
||
| 300 |
_a590 p. : _c24 cm. |
||
| 650 | _aChemistry | ||
| 700 | _aহক, মোঃ মমিনুল | ||
| 700 | _aইসলাম, মোঃ রবিউল | ||
| 942 |
_2ddc _cBK |
||